书目信息 |
| 题名: |
解密敦煌
|
|
| 作者: | 胡同庆 , 罗华庆 著 | |
| 分册: | ||
| 出版信息: | 兰州 敦煌文艺出版社 2019 |
|
| 页数: | 172页 | |
| 开本: | 24cm | |
| 丛书名: | ||
| 单 册: | ||
| 中图分类: | K870.64 , K870.6 | |
| 科图分类: | ||
| 主题词: | 敦煌学--研究 | |
| 电子资源: | ||
| ISBN: | 978-7-5468-1653-1 | |
| 000 | 01044nam0 2200253 450 | |
| 001 | 2351638818 | |
| 005 | 20231017142052.26 | |
| 010 | @a978-7-5468-1653-1@dCNY48.00 | |
| 100 | @a20190717d2019 em y0chiy50 ea | |
| 101 | 0 | @achi |
| 102 | @aCN@b620000 | |
| 105 | @aa z 000yy | |
| 200 | 1 | @a解密敦煌@Ajie mi dun huang@dDeclassified Dunhuang@f胡同庆,罗华庆著@zeng |
| 210 | @a兰州@c敦煌文艺出版社@d2019 | |
| 215 | @a172页@c图@d24cm | |
| 330 | @a本书为重点介绍敦煌艺术、宗教及有关敦煌学的一部有学术含量及学术品位的普及读物,全书共分四个章节,分别是:纵观历史长河、巡礼艺术殿堂、叹览藏经洞文物、游访遗迹遗物,配合以上内容阐述加入适当的图片,是读者清晰、整体了解敦煌、感悟敦煌的一个简明人文读本。通过阅读,读者可以领略到敦煌文化的魅力以及敦煌地区的人文轨迹。 | |
| 510 | 1 | @aDeclassified Dunhuang@zeng |
| 606 | 0 | @a敦煌学@x研究 |
| 690 | @aK870.64@v5 | |
| 690 | @aK870.6@v4 | |
| 701 | 0 | @a胡同庆@Ahu tong qing@4著 |
| 701 | 0 | @a罗华庆@Aluo hua qing@4著 |
| 801 | 0 | @aCN@b大连网信软件有限公司图书馆·11@c20231017 |
| 905 | @aZUCC@dK870.6@e3 | |
| 解密敦煌=Declassified Dunhuang/胡同庆,罗华庆著.-兰州:敦煌文艺出版社,2019 |
| 172页:图;24cm |
| ISBN 978-7-5468-1653-1:CNY48.00 |
| 本书为重点介绍敦煌艺术、宗教及有关敦煌学的一部有学术含量及学术品位的普及读物,全书共分四个章节,分别是:纵观历史长河、巡礼艺术殿堂、叹览藏经洞文物、游访遗迹遗物,配合以上内容阐述加入适当的图片,是读者清晰、整体了解敦煌、感悟敦煌的一个简明人文读本。通过阅读,读者可以领略到敦煌文化的魅力以及敦煌地区的人文轨迹。 |
| ● |
| 相关链接 |
|
|
|
正题名:解密敦煌
索取号:K870.6/3
 
预约/预借
| 序号 | 登录号 | 条形码 | 馆藏地/架位号 | 状态 | 备注 |
| 1 | 2001029535 | 2001029535 | 培训中心一楼图书角/培训中心西北7行6列/ [索取号:K870.6/3] | 在馆 | |
| 2 | 2001029536 | 2001029536 | 培训中心一楼图书角/培训中心西北7行6列/ [索取号:K870.6/3] | 在馆 | |
| 3 | 2001029537 | 2001029537 | 培训中心一楼图书角/培训中心西北7行6列/ [索取号:K870.6/3] | 在馆 | |
| 4 | 2001029538 | 2001029538 | 第四书库/四31架A面6层5列/ [索取号:K870.6/3] | 在馆 | |
| 5 | 2001029539 | 2001029539 | 第四书库/四31架A面6层5列/ [索取号:K870.6/3] | 在馆 | |
| 6 | 2001029540 | 2001029540 | 第四书库/四31架A面6层5列/ [索取号:K870.6/3] | 在馆 |